[Event "Quebec Khalif"]
[Site "Quebec"]
[Date "2016.04.07"]
[Round "3"]
[White "Bluteau, Yvon"]
[Black "Arteau, Benoit"]
[Result "1-0"]
[WhiteElo "1884"]
[BlackElo "1972"]
[PlyCount "129"]
[EventDate "2016.03.21"]
[EventType "tourn"]
[EventRounds "5"]
[EventCountry "CAN"]
[SourceTitle "EXT 2022"]
[Source "ChessBase"]
[SourceDate "2021.10.06"]
[SourceVersion "1"]
[SourceVersionDate "2021.10.06"]
[SourceQuality "1"]

1. Nf3 Nf6 2. c4 e6 3. g3 b6 4. d4 Bb7 5. Bg2 Bb4+ 6. Bd2 Qe7 7. 0-0 0-0 8. Nc3 d6 9. a3 Bxc3 10. Bxc3 Ne4 11. Rc1 Nd7 12. Qc2 f5 13. Nd2 Ndf6 14. f3 Nxc3 15. Qxc3 c5 16. e3 Rac8 17. Rfe1 d5 18. dxc5 Rxc5 19. b4 Rc7 20. Qb2 Rfc8 21. Bf1 Kf7 22. Rc2 g5 23. Rec1 g4 24. f4 Qd6 25. Qd4 Ke7 26. Bd3 h5 27. c5 bxc5 28. bxc5 Qc6 29. Nb3 Qe8 30. a4 Bc6 31. Qe5 Bxa4 32. Nd4 Kf7 33. Ra2 Bc6 34. Ba6 Bb7 35. Nb5 Nd7 36. Nd6+ Kg6 37. Nxe8 Nxe5 38. Nxc7 Nf3+ 39. Kg2 Rxc7 40. Bxb7 Rxb7 41. c6 Rc7 42. h4 Kf6 43. Ra6 Nd2 44. Rc5 Ne4 45. Rb5 Nd6 46. Rb8 e5 47. fxe5+ Kxe5 48. Rd8 Nc4 49. Kf2 Ke6 50. Rh8 Nd6 51. Rxh5 Rc8 52. Rh6+ Ke5 53. Rxa7 Ne4+ 54. Kg2 d4 55. exd4+ Kxd4 56. c7 Re8 57. Re6 Rc8 58. Rb6 f4 59. gxf4 Rf8 60. Rb8 Rxf4 61. Ra4+ Ke3 62. Rb3+ Ke2 63. Ra2+ Nd2 64. Rxd2+ Kxd2 65. c8Q 1-0

[Event "Charlesbourg Millenium"]
[Site "Charlesbourg"]
[Date "2014.11.03"]
[Round "5"]
[White "Tremblay Alix, Eric"]
[Black "Arteau, Benoit"]
[Result "1/2-1/2"]
[WhiteElo "1795"]
[BlackElo "1844"]
[PlyCount "123"]
[EventDate "2014.10.06"]
[EventType "swiss"]
[EventRounds "5"]
[EventCountry "CAN"]
[SourceTitle "EXT 2022"]
[Source "ChessBase"]
[SourceDate "2021.10.06"]
[SourceVersion "1"]
[SourceVersionDate "2021.10.06"]
[SourceQuality "1"]

1. f4 d5 2. Nf3 c5 3. e3 Nc6 4. b3 Bg4 5. Be2 e6 6. 0-0 Be7 7. Bb2 Bf6 8. Ne5 Bxe2 9. Qxe2 Nge7 10. d4 cxd4 11. exd4 Qb6 12. Qf2 Nf5 13. c3 Nd6 14. Nd2 0-0 15. Ng4 Be7 16. Rae1 a5 17. Re3 a4 18. b4 Qc7 19. Rh3 b5 20. Qe2 Rab8 21. Nh6+ gxh6 22. Qh5 f5 23. Qxh6 Bf6 24. Rff3 Qf7 25. Rfg3+ Kh8 26. Rg6 Rb7 27. Nf3 Ne4 28. Ng5 Bxg5 29. fxg5 Re7 30. Bc1 Rg8 31. Rxg8+ Kxg8 32. Bf4 Qg7 33. Qh5 e5 34. dxe5 Nxe5 35. Qd1 Qf7 36. Qd4 Ng6 37. Bc1 Qe6 38. Rd3 Rd7 39. Rf3 Ne5 40. Rf1 Ng6 41. Qd3 Rb7 42. Rd1 Ne7 43. Bf4 Qb6+ 44. Be3 Qd6 45. g4 f4 46. Qxe4 fxe3 47. Qxe3 Qb6 48. Rd4 Qg6 49. Kg2 h5 50. gxh6 Nf5 51. Qd3 Nh4+ 52. Kg3 Qxh6 53. Rxd5 Ng6 54. Rh5 Qf4+ 55. Kh3 Kg7 56. Rf5 Qh6+ 57. Kg3 Re7 58. Qd4+ Kg8 59. Qd5+ Kg7 60. Qd4+ Kg8 61. Qd5+ Kg7 62. Qd4+ 1/2-1/2

[Event "FICGS W-ch st1 g12 email"]
[Site "FICGS email"]
[Date "2014.03.03"]
[Round "1"]
[White "Arteau, Benoit"]
[Black "Kuge, Tom"]
[Result "0-1"]
[WhiteElo "1465"]
[BlackElo "1754"]
[PlyCount "54"]
[EventDate "2014.??.??"]
[EventType "tourn (corr)"]
[EventRounds "8"]
[SourceTitle "Corr 2022"]
[Source "ChessBase"]
[SourceDate "2021.10.24"]
[SourceVersion "1"]
[SourceVersionDate "2021.10.24"]
[SourceQuality "1"]

1. d4 Nf6 2. c4 c5 3. e3 e6 4. Nf3 b6 5. Nc3 Bb7 6. d5 d6 7. e4 e5 8. Bd3 g6 9. h3 Bg7 10. Be3 0-0 11. 0-0 Nbd7 12. Rb1 Nh5 13. b4 cxb4 14. Rxb4 Nc5 15. a4 Bc8 16. Kh2 f5 17. Qe2 h6 18. Rfb1 Nf6 19. Bxc5 dxc5 20. R4b3 Nh5 21. g3 Qf6 22. Rf1 Qe7 23. Nh4 Nf4 24. Nxf5 Bxf5 25. gxf4 Bxh3 26. Kxh3 Rxf4 27. Rh1 Qg5 0-1

[Event "FICGS W-ch st1 g12 email"]
[Site "FICGS email"]
[Date "2014.03.03"]
[Round "1"]
[White "Arteau, Benoit"]
[Black "Permykov, Andrey"]
[Result "0-1"]
[WhiteElo "1465"]
[BlackElo "2075"]
[PlyCount "48"]
[EventDate "2014.??.??"]
[EventType "tourn (corr)"]
[EventRounds "8"]
[SourceTitle "Corr 2022"]
[Source "ChessBase"]
[SourceDate "2021.10.24"]
[SourceVersion "1"]
[SourceVersionDate "2021.10.24"]
[SourceQuality "1"]

1. d4 d5 2. c4 c6 3. e3 Nf6 4. Nf3 e6 5. Qc2 Nbd7 6. Nbd2 b6 7. Bd3 Bb7 8. b3 Rc8 9. Bb2 c5 10. 0-0 cxd4 11. Bxd4 dxc4 12. bxc4 Qc7 13. Rac1 Ba3 14. Rb1 0-0 15. Rb3 Bd6 16. Rfb1 e5 17. Ba1 Nc5 18. Bf5 Nxb3 19. axb3 Rcd8 20. Ng5 g6 21. Bh3 Bb4 22. Ndf3 Rfe8 23. Nh4 h6 24. Ngf3 Be4 0-1

[Event "FICGS W-ch st1 g12 email"]
[Site "FICGS email"]
[Date "2014.03.03"]
[Round "1"]
[White "Kirali, Hasan"]
[Black "Arteau, Benoit"]
[Result "1-0"]
[WhiteElo "1795"]
[BlackElo "1465"]
[PlyCount "43"]
[EventDate "2014.??.??"]
[EventType "tourn (corr)"]
[EventRounds "8"]
[SourceTitle "Corr 2022"]
[Source "ChessBase"]
[SourceDate "2021.10.24"]
[SourceVersion "1"]
[SourceVersionDate "2021.10.24"]
[SourceQuality "1"]

1. e4 b6 2. d4 Bb7 3. Bd3 e6 4. Nf3 c5 5. c3 Nf6 6. Qe2 Be7 7. 0-0 Nc6 8. e5 Nd5 9. dxc5 bxc5 10. c4 Ndb4 11. Be4 Qc7 12. a3 Na6 13. Nc3 Nd4 14. Nxd4 cxd4 15. Bxb7 Qxb7 16. Nb5 Qb6 17. Rd1 Nc5 18. b4 d3 19. Qg4 Nb3 20. Qxg7 0-0-0 21. Be3 Rdg8 22. Qxh8 1-0

[Event "FICGS W-ch st1 g12 email"]
[Site "FICGS email"]
[Date "2014.03.03"]
[Round "1"]
[White "Pereira, Nilson"]
[Black "Arteau, Benoit"]
[Result "1-0"]
[WhiteElo "1985"]
[BlackElo "1465"]
[PlyCount "41"]
[EventDate "2014.??.??"]
[EventType "tourn (corr)"]
[EventRounds "8"]
[SourceTitle "Corr 2022"]
[Source "ChessBase"]
[SourceDate "2021.10.24"]
[SourceVersion "1"]
[SourceVersionDate "2021.10.24"]
[SourceQuality "1"]

1. e4 b6 2. d4 Bb7 3. Bd3 e6 4. Nf3 c5 5. c3 Nf6 6. Qe2 cxd4 7. cxd4 Nc6 8. a3 Qc7 9. Nc3 Be7 10. e5 Nd5 11. Nxd5 exd5 12. Bf4 0-0 13. h4 d6 14. Bxh7+ Kxh7 15. Ng5+ Bxg5 16. hxg5+ Kg6 17. Qh5+ Kf5 18. Qh3+ Kxf4 19. Qf3+ Kxg5 20. Qh5+ Kf4 21. Rh4# 1-0

[Event "Charlesbourg Capablanca"]
[Site "Charlesbourg"]
[Date "2013.01.21"]
[Round "3"]
[White "Tremblay Alix, Eric"]
[Black "Arteau, Benoit"]
[Result "1-0"]
[WhiteElo "1811"]
[BlackElo "1874"]
[PlyCount "55"]
[EventDate "2013.01.07"]
[EventType "swiss"]
[EventRounds "4"]
[EventCountry "CAN"]
[SourceTitle "EXT 2022"]
[Source "ChessBase"]
[SourceDate "2021.10.06"]
[SourceVersion "1"]
[SourceVersionDate "2021.10.06"]
[SourceQuality "1"]

1. c4 e5 2. Nc3 Nc6 3. g3 Nf6 4. Bg2 Bb4 5. Nf3 0-0 6. 0-0 Re8 7. d3 d5 8. cxd5 Nxd5 9. Nxd5 Qxd5 10. a3 Bf8 11. Bd2 Be6 12. Bc3 Qd6 13. Ng5 Bd5 14. e4 Be6 15. f4 Rad8 16. f5 Bc8 17. Qh5 h6 18. Qxf7+ Kh8 19. Qh5 Kg8 20. f6 gxf6 21. Qg6+ Bg7 22. Nf7 Qc5+ 23. Kh1 Ne7 24. Nxh6+ Kh8 25. Qh5 Bxh6 26. Qxh6+ Kg8 27. Rxf6 Rd6 28. Raf1 1-0

[Event "FICGS rapid D 000067 email"]
[Site "FICGS email"]
[Date "2012.04.29"]
[Round "1"]
[White "Strohmeier, Josef"]
[Black "Arteau, Benoit"]
[Result "0-1"]
[WhiteElo "1431"]
[BlackElo "1475"]
[PlyCount "50"]
[EventDate "2012.??.??"]
[EventType "tourn (rapid)"]
[EventRounds "5"]
[SourceTitle "Corr 2022"]
[Source "ChessBase"]
[SourceDate "2021.10.24"]
[SourceVersion "1"]
[SourceVersionDate "2021.10.24"]
[SourceQuality "1"]

1. e4 c5 2. Nf3 Nf6 3. Nc3 d5 4. exd5 Nxd5 5. Bb5+ Bd7 6. Bxd7+ Qxd7 7. Nxd5 Qxd5 8. 0-0 Nc6 9. d3 e5 10. Re1 0-0-0 11. Qe2 f6 12. Be3 g5 13. h3 h5 14. Nd2 Be7 15. Ne4 Rdg8 16. Nc3 Qd7 17. Ne4 b6 18. a4 f5 19. Nc3 f4 20. Bd2 g4 21. hxg4 Rxg4 22. Qf3 Rhg8 23. a5 Rxg2+ 24. Kf1 Rg1+ 25. Ke2 Nd4+ 0-1

[Event "Quebec Montcalm op 6 2010-11"]
[Site "Quebec"]
[Date "2011.04.21"]
[Round "5"]
[White "Sauve, Richard"]
[Black "Arteau, Benoit"]
[Result "1-0"]
[WhiteElo "1849"]
[BlackElo "1815"]
[PlyCount "99"]
[EventDate "2011.03.24"]
[EventType "swiss"]
[EventRounds "5"]
[EventCountry "CAN"]
[SourceTitle "EXT 2022"]
[Source "ChessBase"]
[SourceDate "2021.10.06"]
[SourceVersion "1"]
[SourceVersionDate "2021.10.06"]
[SourceQuality "1"]

1. d4 Nf6 2. c4 e6 3. Nc3 Bb4 4. Qc2 Nc6 5. Nf3 0-0 6. Bg5 h6 7. Bh4 d6 8. a3 Bxc3+ 9. Qxc3 e5 10. dxe5 dxe5 11. Nxe5 Qd6 12. Nxc6 Qxc6 13. Bxf6 gxf6 14. 0-0-0 Bf5 15. f3 Rad8 16. Rxd8 Rxd8 17. e3 Qd6 18. Be2 Qe5 19. Qxe5 fxe5 20. Rd1 Rxd1+ 21. Kxd1 Kf8 22. Kd2 Ke7 23. Bd3 Be6 24. Kc3 Kd6 25. Be4 b6 26. g4 a5 27. b4 axb4+ 28. axb4 f6 29. h3 Bd7 30. Kd3 Be8 31. f4 Bd7 32. Bf3 Be6 33. Be2 Bf7 34. h4 Bg6+ 35. Kc3 Bf7 36. Bd3 Be6 37. g5 fxg5 38. fxg5 hxg5 39. hxg5 Bg8 40. Bf5 c5 41. b5 Ke7 42. Be4 Kd6 43. g6 Ke7 44. Bd5 Kf8 45. Kd3 Kg7 46. Bxg8 Kxg8 47. Ke4 Kg7 48. Kf5 e4 49. Kxe4 Kxg6 50. Kd5 1-0

[Event "Quebec Montcalm op 6 2010-11"]
[Site "Quebec"]
[Date "2011.04.14"]
[Round "4"]
[White "Arteau, Benoit"]
[Black "Bluteau, Yvon"]
[Result "1/2-1/2"]
[WhiteElo "1815"]
[BlackElo "1875"]
[PlyCount "82"]
[EventDate "2011.03.24"]
[EventType "swiss"]
[EventRounds "5"]
[EventCountry "CAN"]
[SourceTitle "EXT 2022"]
[Source "ChessBase"]
[SourceDate "2021.10.06"]
[SourceVersion "1"]
[SourceVersionDate "2021.10.06"]
[SourceQuality "1"]

1. Nf3 c5 2. g3 g6 3. Bg2 Bg7 4. 0-0 Nf6 5. d3 d5 6. Nbd2 0-0 7. e4 dxe4 8. dxe4 Nc6 9. c3 Bg4 10. Qc2 Qc8 11. Re1 Rd8 12. a4 Qd7 13. Bf1 Bh3 14. Be2 h6 15. Nc4 Qe6 16. Ncd2 Rac8 17. Bc4 Qd7 18. a5 Ng4 19. a6 b6 20. Bb5 Qc7 21. Nc4 Nce5 22. Nfxe5 Nxe5 23. Nxe5 Qxe5 24. Bc4 Qh5 25. Be2 Bg4 26. Be3 Bxe2 27. Qxe2 Qxe2 28. Rxe2 Rd3 29. Rd2 Rxd2 30. Bxd2 h5 31. Kf1 c4 32. Be3 Kf8 33. f4 e6 34. Ra4 Ke8 35. Ke2 Bf6 36. Kf3 Kd7 37. h3 Bd8 38. Rb4 Be7 39. Ra4 Rc6 40. e5 Bd8 41. Rb4 Rc8 1/2-1/2

[Event "Charlesbourg Millenium"]
[Site "Charlesbourg"]
[Date "2010.11.29"]
[Round "2"]
[White "Arteau, Benoit"]
[Black "Beaudoin, Stephane"]
[Result "0-1"]
[WhiteElo "1847"]
[BlackElo "2023"]
[PlyCount "74"]
[EventDate "2010.11.??"]
[EventType "swiss"]
[EventRounds "5"]
[EventCountry "CAN"]
[SourceTitle "EXT 2022"]
[Source "ChessBase"]
[SourceDate "2021.10.06"]
[SourceVersion "1"]
[SourceVersionDate "2021.10.06"]
[SourceQuality "1"]

1. d4 Nf6 2. Nf3 g6 3. Nc3 Bg7 4. e4 d6 5. Bc4 0-0 6. Qe2 Nc6 7. h3 e5 8. dxe5 dxe5 9. Bg5 Be6 10. Bxe6 fxe6 11. Qc4 Qe8 12. 0-0 Nh5 13. Ne2 h6 14. Be3 g5 15. Nh2 Qf7 16. Rad1 Nf4 17. Nxf4 exf4 18. Bc5 Rfd8 19. c3 b6 20. Ba3 Ne5 21. Qe2 c5 22. b3 Qc7 23. Ng4 Nc6 24. Bb2 Qf7 25. Rfe1 h5 26. Nh2 Qg6 27. Kh1 Kh7 28. a3 a6 29. a4 Ne5 30. Nf3 g4 31. Nxe5 Bxe5 32. Ba1 Qf6 33. Rxd8 Rxd8 34. Qxa6 gxh3 35. gxh3 f3 36. Rg1 Qh4 37. Qf1 Rd1 0-1

[Event "Charlesbourg Zukertort"]
[Site "Charlesbourg"]
[Date "2010.05.24"]
[Round "5"]
[White "Glode, Martin"]
[Black "Arteau, Benoit"]
[Result "1-0"]
[WhiteElo "1779"]
[BlackElo "1819"]
[PlyCount "41"]
[EventDate "2010.04.26"]
[EventType "swiss"]
[EventRounds "6"]
[EventCountry "CAN"]
[SourceTitle "EXT 2022"]
[Source "ChessBase"]
[SourceDate "2021.10.06"]
[SourceVersion "1"]
[SourceVersionDate "2021.10.06"]
[SourceQuality "1"]

1. e4 c5 2. Nf3 Nf6 3. e5 Nd5 4. g3 e6 5. Bg2 Nc6 6. 0-0 Be7 7. Re1 0-0 8. d4 d6 9. exd6 Bxd6 10. Na3 Bd7 11. Nc4 Qc7 12. Nxd6 Qxd6 13. c4 Nb6 14. Bf4 Qe7 15. d5 Nb4 16. a3 Na6 17. dxe6 Ba4 18. b3 Rfd8 19. exf7+ Qxf7 20. Qc2 Bd7 21. Ng5 1-0

[Event "Charlesbourg Zukertort"]
[Site "Charlesbourg"]
[Date "2010.05.03"]
[Round "2"]
[White "Arteau, Benoit"]
[Black "Glode, Martin"]
[Result "1/2-1/2"]
[WhiteElo "1819"]
[BlackElo "1774"]
[PlyCount "82"]
[EventDate "2010.04.26"]
[EventType "swiss"]
[EventRounds "6"]
[EventCountry "CAN"]
[SourceTitle "EXT 2022"]
[Source "ChessBase"]
[SourceDate "2021.10.06"]
[SourceVersion "1"]
[SourceVersionDate "2021.10.06"]
[SourceQuality "1"]

1. d4 d5 2. c4 c6 3. e3 Nf6 4. Nf3 Bf5 5. Bd3 Bxd3 6. Qxd3 e6 7. Nc3 Nbd7 8. cxd5 exd5 9. 0-0 Bd6 10. Re1 0-0 11. a3 a5 12. b3 Re8 13. Bb2 Ne4 14. h3 Ndf6 15. Nd2 Nxd2 16. Qxd2 Qb6 17. Qc2 Re7 18. Rac1 Rae8 19. Na4 Qc7 20. Re2 Ne4 21. Nc3 Bh2+ 22. Kf1 Bd6 23. Kg1 Bh2+ 24. Kf1 Bd6 25. Qd3 Qd7 26. Nxe4 Rxe4 27. Qd2 Bc7 28. Bc3 Qd6 29. Bxa5 Bxa5 30. Qxa5 Qh2 31. f3 R4e6 32. Kf2 Rg6 33. Rg1 Qg3+ 34. Kf1 h5 35. Qe1 Qd6 36. b4 Rge6 37. g4 hxg4 38. hxg4 Qe7 39. Kf2 Qh4+ 40. Kg2 Qg5 41. Kf2 Qh4+ 1/2-1/2

[Event "Quebec Montcalm op 6 2009-10"]
[Site "Quebec"]
[Date "2010.03.25"]
[Round "1"]
[White "Auger, Bertrand"]
[Black "Arteau, Benoit"]
[Result "1-0"]
[WhiteElo "1885"]
[BlackElo "1840"]
[PlyCount "69"]
[EventDate "2010.03.25"]
[EventType "swiss"]
[EventRounds "5"]
[EventCountry "CAN"]
[SourceTitle "EXT 2022"]
[Source "ChessBase"]
[SourceDate "2021.10.06"]
[SourceVersion "1"]
[SourceVersionDate "2021.10.06"]
[SourceQuality "1"]

1. Nf3 d5 2. c4 e6 3. g3 Nf6 4. Bg2 Be7 5. 0-0 0-0 6. b3 c5 7. cxd5 exd5 8. d4 Ne4 9. Bb2 Be6 10. Nc3 Nxc3 11. Bxc3 Nc6 12. Rc1 cxd4 13. Nxd4 Bf6 14. Nxc6 bxc6 15. Bxf6 Qxf6 16. Rxc6 Qb2 17. Rc2 Qe5 18. Rd2 Rfe8 19. e3 Rad8 20. Rd4 Rd7 21. Qd2 Rc8 22. f4 Qf5 23. g4 Qc2 24. f5 Rdc7 25. fxe6 fxe6 26. e4 Qc5 27. Qf2 Qe7 28. exd5 Rc2 29. d6 Qd7 30. Rd2 Rc1 31. Qd4 Rxf1+ 32. Bxf1 Rc1 33. Rd1 Rc2 34. Qe4 Rxa2 35. Bc4 1-0

[Event "Quebec Montcalm op 4th"]
[Site "Quebec"]
[Date "2010.02.11"]
[Round "5"]
[White "Marquis, Paul"]
[Black "Arteau, Benoit"]
[Result "1/2-1/2"]
[WhiteElo "1889"]
[BlackElo "1837"]
[PlyCount "47"]
[EventDate "2010.01.14"]
[EventType "tourn"]
[EventRounds "5"]
[EventCountry "CAN"]
[SourceTitle "EXT 2011"]
[Source "ChessBase"]
[SourceDate "2010.11.26"]
[SourceVersion "1"]
[SourceVersionDate "2010.11.26"]
[SourceQuality "1"]

1. e4 c5 2. Nc3 Nc6 3. g3 g6 4. Bg2 Bg7 5. f4 e6 6. Nf3 Nge7 7. 0-0 0-0 8. d3 b6 9. Be3 d5 10. exd5 exd5 11. Bf2 Nf5 12. Nxd5 Bxb2 13. Rb1 Bg7 14. Ne5 Bb7 15. Nxc6 Bxc6 16. c4 Re8 17. Re1 Qd6 18. Qd2 Nd4 19. Rxe8+ Rxe8 20. Re1 Re6 21. h3 Bxd5 22. cxd5 Re7 23. Rxe7 Qxe7 24. Qe3 1/2-1/2

[Event "Charlesbourg Festival 1"]
[Site "Charlesbourg"]
[Date "2007.07.09"]
[Round "4"]
[White "Arteau, Benoit"]
[Black "Plante, Rejean"]
[Result "1/2-1/2"]
[WhiteElo "1885"]
[BlackElo "2077"]
[PlyCount "57"]
[EventDate "2007.06.18"]
[EventType "swiss"]
[EventRounds "5"]
[EventCountry "CAN"]
[SourceTitle "EXT 2022"]
[Source "ChessBase"]
[SourceDate "2021.10.06"]
[SourceVersion "1"]
[SourceVersionDate "2021.10.06"]
[SourceQuality "1"]

1. d4 f5 2. g3 Nf6 3. Bg2 d5 4. Bg5 e6 5. Nf3 Bd6 6. Nbd2 Nbd7 7. c4 c6 8. Rc1 0-0 9. 0-0 Qe8 10. cxd5 exd5 11. e3 Ne4 12. Bf4 Qe7 13. Bxd6 Qxd6 14. Ne1 b6 15. Nd3 Ba6 16. Nf3 c5 17. Re1 Bxd3 18. Qxd3 c4 19. Qc2 b5 20. Nd2 Nb6 21. f3 Nxd2 22. Qxd2 b4 23. e4 dxe4 24. fxe4 fxe4 25. Rxe4 Rad8 26. Rce1 Rf6 27. Qe3 Rff8 28. Rh4 Nd5 29. Qe2 1/2-1/2

[Event "FICGS class E 000052 email"]
[Site "FICGS email"]
[Date "2007.06.03"]
[Round "1"]
[White "Arteau, Benoit"]
[Black "Pech, Jaroslav Sr"]
[Result "0-1"]
[WhiteElo "1484"]
[BlackElo "1433"]
[PlyCount "40"]
[EventDate "2007.??.??"]
[EventType "tourn (corr)"]
[EventRounds "5"]
[SourceTitle "Corr 2022"]
[Source "ChessBase"]
[SourceDate "2021.10.24"]
[SourceVersion "1"]
[SourceVersionDate "2021.10.24"]
[SourceQuality "1"]

1. d4 Nf6 2. c4 g6 3. g3 Bg7 4. Bg2 0-0 5. e4 d6 6. Ne2 c5 7. d5 e6 8. Nbc3 exd5 9. cxd5 Re8 10. 0-0 b5 11. Nxb5 Nxe4 12. Nec3 Nxc3 13. Nxc3 Nd7 14. Bf4 Ne5 15. Re1 Rb8 16. Qc2 Bf5 17. Be4 Nf3+ 18. Kg2 Nxe1+ 19. Rxe1 Bxe4+ 20. Rxe4 Rxe4 0-1

[Event "FICGS W-ch st1 g14 email"]
[Site "FICGS email"]
[Date "2007.01.16"]
[Round "1"]
[White "Bullerkotte, Frank"]
[Black "Arteau, Benoit"]
[Result "1-0"]
[WhiteElo "1700"]
[BlackElo "1437"]
[PlyCount "85"]
[EventDate "2007.??.??"]
[EventType "tourn (corr)"]
[EventRounds "8"]
[SourceTitle "Corr 2022"]
[Source "ChessBase"]
[SourceDate "2021.10.24"]
[SourceVersion "1"]
[SourceVersionDate "2021.10.24"]
[SourceQuality "1"]

1. d4 Nf6 2. c4 e6 3. Nc3 Bb4 4. Qc2 Nc6 5. Nf3 d5 6. Bg5 h6 7. Bxf6 Qxf6 8. e3 0-0 9. a3 Bxc3+ 10. Qxc3 Re8 11. Rc1 Bd7 12. cxd5 exd5 13. Be2 Rac8 14. Qb3 Nb8 15. Qxb7 Bc6 16. Qxa7 Nd7 17. 0-0 Qd6 18. Qa6 Nb8 19. Qd3 Nd7 20. Rc3 Bb7 21. Rfc1 c5 22. dxc5 Nxc5 23. Qf5 g6 24. Qg4 Ne6 25. Rxc8 Rxc8 26. Rxc8+ Bxc8 27. Qg3 Qc6 28. Qb8 Nf8 29. Bf1 Qc1 30. Qb5 Bd7 31. Qb6 Qa1 32. Ne5 Be6 33. Qd4 Nh7 34. h4 g5 35. hxg5 Nxg5 36. Nc6 Qc1 37. Ne7+ Kh7 38. Nxd5 Bxd5 39. Qxd5 Qxb2 40. a4 Kg7 41. a5 Qb1 42. a6 Qb6 43. Qd4+ 1-0

[Event "FICGS class F 000016 email"]
[Site "FICGS email"]
[Date "2006.11.03"]
[Round "1"]
[White "Neil, Charles"]
[Black "Arteau, Benoit"]
[Result "0-1"]
[WhiteElo "1336"]
[BlackElo "1336"]
[PlyCount "58"]
[EventDate "2006.??.??"]
[EventType "tourn (corr)"]
[EventRounds "5"]
[SourceTitle "Corr 2022"]
[Source "ChessBase"]
[SourceDate "2021.10.24"]
[SourceVersion "1"]
[SourceVersionDate "2021.10.24"]
[SourceQuality "1"]

1. e4 c5 2. Nc3 Nc6 3. Nge2 g6 4. g3 Bg7 5. Bg2 e6 6. d3 Nge7 7. Be3 b6 8. 0-0 Ba6 9. Qd2 h5 10. h3 Qc7 11. f4 f5 12. e5 d5 13. Bf2 Bh6 14. d4 cxd4 15. Bxd4 Nxd4 16. Qxd4 Bxe2 17. Nxe2 Qxc2 18. Nc3 Qxb2 19. Qa4+ Kf7 20. Nxd5 exd5 21. Qd7 Qd4+ 22. Kh2 h4 23. Rad1 hxg3+ 24. Kh1 Qb2 25. Rxd5 Bxf4 26. Rxf4 Rxh3+ 27. Kg1 Qc1+ 28. Rf1 Qe3+ 29. Rf2 Qxf2# 0-1

[Event "FICGS class C 000002 email"]
[Site "FICGS email"]
[Date "2006.04.26"]
[Round "1"]
[White "Arteau, Benoit"]
[Black "Hoppenstein, Michael"]
[Result "0-1"]
[WhiteElo "1700"]
[BlackElo "1700"]
[PlyCount "36"]
[EventDate "2006.??.??"]
[EventType "tourn (corr)"]
[EventRounds "1"]
[SourceTitle "Corr 2022"]
[Source "ChessBase"]
[SourceDate "2021.10.24"]
[SourceVersion "1"]
[SourceVersionDate "2021.10.24"]
[SourceQuality "1"]

1. d4 Nf6 2. c4 e6 3. Nf3 d5 4. Nc3 Be7 5. Bg5 h6 6. Bh4 0-0 7. e3 Nbd7 8. Rc1 c6 9. h3 Bd6 10. cxd5 exd5 11. Bd3 g5 12. Bg3 Bxg3 13. fxg3 Qe7 14. Qd2 Ne4 15. Bxe4 dxe4 16. Nh2 f5 17. 0-0 Nf6 18. Qd1 Be6 0-1